|
|
|
|
| LEADER |
01802nam a2200421 i 4500 |
| 001 |
EBC6348707 |
| 003 |
MiAaPQ |
| 005 |
20210212230254.0 |
| 006 |
m o d | |
| 007 |
cr cnu|||||||| |
| 008 |
210212s2020 enka ob 001 0 eng d |
| 020 |
|
|
|z 9781800431508
|
| 020 |
|
|
|a 9781800431478 (e-book)
|
| 035 |
|
|
|a (MiAaPQ)EBC6348707
|
| 035 |
|
|
|a (Au-PeEL)EBL6348707
|
| 035 |
|
|
|a (OCoLC)1196256338
|
| 040 |
|
|
|a MiAaPQ
|b eng
|e rda
|e pn
|c MiAaPQ
|d MiAaPQ
|
| 050 |
|
4 |
|a HB615
|b .M373 2020
|
| 082 |
0 |
|
|a 658.421
|2 23
|
| 245 |
0 |
0 |
|a Sustainable entrepreneurship :
|b how entrepreneurs create value from sustainable opportunities /
|c Francesca Masciarelli; Simona Leonelli.
|
| 264 |
|
1 |
|a Bingley, United Kingdom :
|b Emerald Publishing Limited,
|c [2020]
|
| 264 |
|
4 |
|c 2020
|
| 300 |
|
|
|a 1 online resource (163 pages) :
|b illustrations
|
| 336 |
|
|
|a text
|b txt
|2 rdacontent
|
| 337 |
|
|
|a computer
|b c
|2 rdamedia
|
| 338 |
|
|
|a online resource
|b cr
|2 rdacarrier
|
| 504 |
|
|
|a Includes bibliographical references and index.
|
| 588 |
|
|
|a Description based on print version record.
|
| 590 |
|
|
|a Electronic reproduction. Ann Arbor, MI : ProQuest, 2018. Available via World Wide Web. Access may be limited to ProQuest affiliated libraries.
|
| 650 |
|
0 |
|a Business enterprises.
|
| 650 |
|
0 |
|a Businesspeople.
|
| 650 |
|
0 |
|a Entrepreneurship.
|
| 655 |
|
4 |
|a Electronic books.
|
| 700 |
1 |
|
|a Leonelli, Simona,
|e editor.
|
| 700 |
1 |
|
|a Masciarelli, Francesca,
|e editor.
|
| 776 |
0 |
8 |
|i Print version:
|t Sustainable entrepreneurship : how entrepreneurs create value from sustainable opportunities.
|d Bingley, United Kingdom : Emerald Publishing Limited, c2020
|h 163 pages
|z 9781800431508
|
| 797 |
2 |
|
|a ProQuest (Firm)
|
| 856 |
4 |
0 |
|u https://ebookcentral.proquest.com/lib/matrademy/detail.action?docID=6348707
|z Click to View
|